[Event "Buenos Aires Boca op"]
[Site "Buenos Aires"]
[Date "2001.09.26"]
[Round "7"]
[White "Schweber, Samuel"]
[Black "Della Morte, Pablo"]
[Result "1-0"]
[WhiteElo "2356"]
[BlackElo "2187"]
[PlyCount "69"]
[EventDate "2001.09.17"]
[EventType "swiss"]
[EventRounds "9"]
[EventCountry "ARG"]
[SourceTitle "CBM 084 Extra"]
[Source "ChessBase"]
[SourceDate "2001.10.26"]
[SourceVersion "1"]
[SourceVersionDate "2001.10.26"]
[SourceQuality "1"]

1. d4 Nf6 2. Nc3 g6 3. e4 d6 4. g3 Bg7 5. Bg2 0-0 6. Nge2 c6 7. 0-0 e5 8. a4 a5 9. h3 Na6 10. Be3 exd4 11. Nxd4 Re8 12. Re1 Nc5 13. f3 Qc7 14. Bf2 Rb8 15. f4 h5 16. Ndb5 cxb5 17. Nxb5 Qd8 18. Nxd6 Na6 19. Nxe8 Qxe8 20. e5 Nh7 21. Bb6 Bd7 22. Bxa5 Bxa4 23. e6 fxe6 24. Rxe6 Qb5 25. Rxg6 Qxa5 26. Qd5+ Qxd5 27. Bxd5+ Kh8 28. Rxa4 Nc5 29. Ra2 Nf6 30. Rg5 Re8 31. b4 Na6 32. Bxb7 Nxb4 33. Rb2 Bf8 34. Rb5 Re3 35. Kg2 1-0

[Event "Villa Ballester op 50th"]
[Site "Villa Ballester"]
[Date "2000.??.??"]
[Round "8"]
[White "Schweber, Samuel"]
[Black "Scalise, Luis"]
[Result "1-0"]
[WhiteElo "2351"]
[BlackElo "2146"]
[PlyCount "75"]
[EventDate "2000.??.??"]
[EventType "swiss"]
[EventRounds "9"]
[EventCountry "ARG"]
[SourceTitle "EXT 2001"]
[Source "ChessBase"]
[SourceDate "2000.11.22"]
[SourceVersion "1"]
[SourceVersionDate "2000.11.22"]
[SourceQuality "1"]

1. e4 g6 2. d4 Bg7 3. Nc3 d6 4. Be3 c6 5. Qd2 b5 6. f3 a5 7. Bd3 b4 8. Nd1 Ba6 9. Ne2 Bxd3 10. cxd3 Nd7 11. Rc1 Rc8 12. b3 Ngf6 13. Nb2 Nb6 14. Bh6 Bxh6 15. Qxh6 e5 16. dxe5 dxe5 17. 0-0 Qd6 18. f4 Nbd7 19. fxe5 Nxe5 20. Qf4 Nh5 21. Qe3 0-0 22. d4 Nd7 23. Nc4 Qc7 24. e5 Nb6 25. Nd6 Rcd8 26. Qf3 Rxd6 27. exd6 Qxd6 28. Rxc6 Qb8 29. Rc5 a4 30. Rb5 Qd6 31. bxa4 Nxa4 32. Rb7 Nc3 33. Nxc3 Qxd4+ 34. Qf2 Qxf2+ 35. Rxf2 bxc3 36. Rc7 f5 37. Rxc3 Nf6 38. Rfc2 1-0

[Event "Villa Martelli op"]
[Site "Villa Martelli"]
[Date "1998.11.??"]
[Round "6"]
[White "Giaccio, Alfredo Gustavo"]
[Black "Schweber, Samuel"]
[Result "1-0"]
[WhiteElo "2460"]
[BlackElo "2360"]
[PlyCount "103"]
[EventDate "1998.11.05"]
[EventType "swiss"]
[EventRounds "7"]
[EventCountry "ARG"]
[SourceTitle "EXT 2024"]
[Source "ChessBase"]
[SourceDate "2023.10.10"]
[SourceVersion "1"]
[SourceVersionDate "2023.10.10"]
[SourceQuality "1"]

1. e4 e6 2. d4 d5 3. Nc3 Bb4 4. e5 Ne7 5. a3 Bxc3+ 6. bxc3 c5 7. Qg4 Ng6 8. h4 h5 9. Qd1 Nxh4 10. g3 Ng6 11. Rxh5 Rg8 12. Bd3 Nf8 13. Nf3 c4 14. Bf1 f6 15. exf6 gxf6 16. Qe2 Qa5 17. Qxc4 Nc6 18. Qd3 Bd7 19. Bd2 0-0-0 20. c4 Qa4 21. Qb3 Qxb3 22. cxb3 Be8 23. Rh6 Bg6 24. Bc3 Rd7 25. cxd5 Rxd5 26. Bc4 Rh5 27. Rxh5 Bxh5 28. Nh4 Ne7 29. Bb4 Nd5 30. Bxd5 exd5 31. Bxf8 Rxf8 32. Kd2 Kd7 33. f3 Bf7 34. Ke3 Rc8 35. Rd1 Bg8 36. Kd2 Be6 37. Re1 Rg8 38. g4 Bf7 39. Nf5 Be6 40. Ng3 Bf7 41. Rh1 Bg6 42. Ne2 Ke7 43. Nf4 Bf7 44. Rh7 f5 45. Nxd5+ Kf8 46. Nf6 Rg7 47. Nd7+ Kg8 48. Rxg7+ Kxg7 49. b4 f4 50. Ne5 Bd5 51. g5 b5 52. Nd3 1-0

[Event "Boca Juniors op"]
[Site "Buenos Aires"]
[Date "1998.05.13"]
[Round "6"]
[White "Tempone, Marcelo"]
[Black "Schweber, Samuel"]
[Result "1-0"]
[WhiteElo "2445"]
[BlackElo "2355"]
[PlyCount "69"]
[EventDate "1998.05.07"]
[EventType "swiss"]
[EventRounds "9"]
[EventCountry "ARG"]
[SourceTitle "CBM 064 Extra"]
[Source "ChessBase"]
[SourceDate "1998.07.07"]
[SourceVersion "1"]
[SourceVersionDate "1998.07.07"]
[SourceQuality "1"]

1. e4 e6 2. d4 d5 3. Nc3 Bb4 4. e5 Ne7 5. a3 Bxc3+ 6. bxc3 c5 7. Nf3 Nbc6 8. a4 Qa5 9. Bd2 Bd7 10. Bb5 h6 11. 0-0 0-0 12. Qc1 Kh7 13. Bd3+ Ng6 14. c4 Qc7 15. h4 dxc4 16. Be4 Nxd4 17. Nxd4 cxd4 18. h5 Qxe5 19. hxg6+ fxg6 20. Qe1 Qh5 21. f4 Bc6 22. Bb4 Rfd8 23. Bxc6 bxc6 24. Qxe6 c5 25. Ba5 Re8 26. Qxc4 Re2 27. Rae1 Rae8 28. Rxe2 Rxe2 29. Rf3 Re4 30. Bd2 Qf5 31. a5 Re6 32. Rf1 a6 33. Qd3 Qd5 34. c4 Qc6 35. Rb1 1-0

[Event "Boca Juniors op"]
[Site "Buenos Aires"]
[Date "1998.05.10"]
[Round "4"]
[White "Llanos, Guillermo"]
[Black "Schweber, Samuel"]
[Result "1-0"]
[WhiteElo "2370"]
[BlackElo "2355"]
[PlyCount "97"]
[EventDate "1998.05.07"]
[EventType "swiss"]
[EventRounds "9"]
[EventCountry "ARG"]
[SourceTitle "CBM 064 Extra"]
[Source "ChessBase"]
[SourceDate "1998.07.07"]
[SourceVersion "1"]
[SourceVersionDate "1998.07.07"]
[SourceQuality "1"]

1. b4 e5 2. Bb2 d6 3. e3 Nf6 4. c4 g6 5. Be2 Bg7 6. Nf3 0-0 7. 0-0 Nbd7 8. Nc3 b6 9. d4 Bb7 10. dxe5 dxe5 11. Qc2 Qe7 12. a4 Rfd8 13. a5 a6 14. Ba3 e4 15. Nd4 Qe5 16. axb6 cxb6 17. b5 axb5 18. Ndxb5 Nc5 19. Bxc5 bxc5 20. Rxa8 Rxa8 21. Rd1 h5 22. h3 g5 23. g3 h4 24. g4 Bc6 25. Nd5 Nxd5 26. cxd5 Bxb5 27. Bxb5 Bf8 28. Bf1 Bd6 29. Bg2 Qh2+ 30. Kf1 Re8 31. Qa4 Qe5 32. Rb1 Re7 33. Qc6 Ra7 34. Qc8+ Kg7 35. Qf5 Qxf5 36. gxf5 Ra4 37. Rb6 Ra1+ 38. Ke2 Ra2+ 39. Kd1 Ra1+ 40. Kc2 Ra2+ 41. Kb3 Rxf2 42. Bxe4 Be5 43. Kc4 Kf8 44. d6 Rd2 45. Kxc5 Bb2 46. Rb8+ Kg7 47. Rxb2 Rxb2 48. d7 Rb8 49. Kd6 1-0

[Event "Villa del Parque ITT"]
[Site "Villa del Parque"]
[Date "1998.??.??"]
[Round "1"]
[White "Barria Zuniga, Daniel"]
[Black "Schweber, Samuel"]
[Result "1-0"]
[WhiteElo "2365"]
[BlackElo "2235"]
[PlyCount "110"]
[EventDate "1998.??.??"]
[EventType "tourn"]
[EventRounds "14"]
[EventCountry "ARG"]
[EventCategory "2"]
[SourceTitle "EXT 2001"]
[Source "ChessBase"]
[SourceDate "2000.11.22"]
[SourceVersion "1"]
[SourceVersionDate "2000.11.22"]
[SourceQuality "1"]

1. e4 e5 2. Nf3 Nc6 3. Bb5 g6 4. c3 Bg7 5. d4 Nge7 6. d5 a6 7. Be2 Nb8 8. d6 cxd6 9. Qxd6 Nec6 10. Bg5 f6 11. Be3 Qe7 12. Qd2 d6 13. Na3 Be6 14. Nc4 Bxc4 15. Bxc4 Nd7 16. 0-0 Rc8 17. Rfd1 Nc5 18. Bd5 Nd8 19. b4 Nce6 20. Rac1 Nf7 21. c4 0-0 22. c5 dxc5 23. bxc5 f5 24. Ng5 Nexg5 25. Bxg5 Bf6 26. Bxf6 Qxf6 27. Bxb7 Rc7 28. Bd5 fxe4 29. Bxe4 Kg7 30. Qe3 Rfc8 31. Bd5 Nh6 32. Be4 Ng4 33. Qg3 Qe6 34. Bd5 Qf5 35. h3 Nf6 36. Qb3 Rxc5 37. Be6 Rxc1 38. Bxf5 gxf5 39. Kf1 a5 40. Rxc1 Rxc1+ 41. Ke2 Rc5 42. g4 fxg4 43. hxg4 e4 44. Qe3 Rc2+ 45. Kd1 Rxa2 46. g5 Ng8 47. Qd4+ Kf8 48. Qd8+ Kg7 49. Qd7+ Kf8 50. Qf5+ Kg7 51. Qxe4 Ra1+ 52. Kc2 Rf1 53. f4 h6 54. Qb7+ Kf8 55. g6 Ne7 1-0

[Event "Villa del Parque ITT"]
[Site "Villa del Parque"]
[Date "1998.??.??"]
[Round "12"]
[White "De Dovitiis, Alejo"]
[Black "Schweber, Samuel"]
[Result "0-1"]
[WhiteElo "2350"]
[BlackElo "2355"]
[PlyCount "110"]
[EventDate "1998.??.??"]
[EventType "tourn"]
[EventRounds "14"]
[EventCountry "ARG"]
[EventCategory "2"]
[SourceTitle "EXT 2001"]
[Source "ChessBase"]
[SourceDate "2000.11.22"]
[SourceVersion "1"]
[SourceVersionDate "2000.11.22"]
[SourceQuality "1"]

1. e4 e6 2. d4 d5 3. Nc3 Bb4 4. e5 Ne7 5. Bd2 b6 6. Nb5 Bxd2+ 7. Qxd2 Ba6 8. Qc3 Bxb5 9. Bxb5+ c6 10. Bd3 Nd7 11. Qd2 c5 12. c3 Nc6 13. Nf3 f6 14. 0-0 fxe5 15. Nxe5 Ndxe5 16. dxe5 c4 17. Bc2 Qe7 18. Ba4 Rc8 19. Rae1 a6 20. Qe3 b5 21. Bc2 0-0 22. f4 g6 23. Qg3 d4 24. Be4 d3 25. Re3 Kh8 26. Qe1 Qc5 27. Rf2 Rcd8 28. Qd2 Rd7 29. Kf1 Rdf7 30. Ref3 Ne7 31. h4 Nf5 32. Bxf5 gxf5 33. Rg3 Rg8 34. Rg5 h6 35. Rxg8+ Kxg8 36. Qd1 Rg7 37. Qf3 Kh7 38. g3 a5 39. a3 b4 40. axb4 axb4 41. Kg2 bxc3 42. bxc3 Rd7 43. Rd2 Qa5 44. Qc6 Qd5+ 45. Qxd5 exd5 46. Kf2 d4 47. e6 Re7 48. cxd4 Rxe6 49. d5 Re4 50. Rd1 Kg6 51. d6 Rd4 52. Ke3 Rxd6 53. Kd2 Kh5 54. Rc1 Rd4 55. Ra1 Kg4 0-1

[Event "Villa Ballester op 48th"]
[Site "Villa Ballester"]
[Date "1998.??.??"]
[Round "3"]
[White "Recoulat, Eduardo Juan"]
[Black "Schweber, Samuel"]
[Result "1/2-1/2"]
[WhiteElo "2175"]
[BlackElo "2355"]
[PlyCount "73"]
[EventDate "1998.??.??"]
[EventType "swiss"]
[EventRounds "9"]
[EventCountry "ARG"]
[SourceTitle "EXT 2001"]
[Source "ChessBase"]
[SourceDate "2000.11.22"]
[SourceVersion "1"]
[SourceVersionDate "2000.11.22"]
[SourceQuality "1"]

1. d4 c5 2. d5 g6 3. c4 b5 4. cxb5 a6 5. bxa6 Bxa6 6. Nc3 d6 7. Nf3 Bg7 8. e4 Bxf1 9. Kxf1 Nd7 10. g3 Ngf6 11. Kg2 0-0 12. h3 Qb6 13. Re1 Ne8 14. Re2 Nc7 15. Bg5 Rfe8 16. Rc1 Nb5 17. Nxb5 Qxb5 18. b3 h6 19. Bf4 g5 20. Be3 e6 21. Rcc2 Qb7 22. Bc1 Nf6 23. Qd3 exd5 24. exd5 Nxd5 25. Rxe8+ Rxe8 26. Rd2 Bd4 27. Kh2 Nb4 28. Qf5 Nc6 29. Qd5 Qd7 30. Nxd4 Nxd4 31. Bb2 Re5 32. Qg2 Qf5 33. Bxd4 cxd4 34. Qf1 Qf3 35. Qd3 Qxd3 36. Rxd3 Re2 37. Kg2 1/2-1/2

[Event "Villa del Parque ITT"]
[Site "Villa del Parque"]
[Date "1998.??.??"]
[Round "2"]
[White "Schweber, Samuel"]
[Black "Dolezal, Cristian"]
[Result "1/2-1/2"]
[WhiteElo "2355"]
[BlackElo "2300"]
[PlyCount "28"]
[EventDate "1998.??.??"]
[EventType "tourn"]
[EventRounds "14"]
[EventCountry "ARG"]
[EventCategory "2"]
[SourceTitle "EXT 2001"]
[Source "ChessBase"]
[SourceDate "2000.11.22"]
[SourceVersion "1"]
[SourceVersionDate "2000.11.22"]
[SourceQuality "1"]

1. d4 e6 2. e4 d5 3. Nc3 Bb4 4. exd5 exd5 5. Bd3 Nc6 6. a3 Bxc3+ 7. bxc3 Nge7 8. Qh5 Be6 9. Nf3 Qd7 10. Ng5 g6 11. Qf3 0-0-0 12. 0-0 Bg4 13. Qf6 h6 14. Nf3 Qd6 1/2-1/2

[Event "Villa Ballester op"]
[Site "Villa Ballester"]
[Date "1997.??.??"]
[Round "5"]
[White "Recoulat, Eduardo Juan"]
[Black "Schweber, Samuel"]
[Result "0-1"]
[WhiteElo "2190"]
[BlackElo "2345"]
[PlyCount "74"]
[EventDate "1997.??.??"]
[EventType "swiss"]
[EventRounds "9"]
[EventCountry "ARG"]
[SourceTitle "EXT 1998"]
[Source "ChessBase"]
[SourceDate "1997.11.17"]
[SourceVersion "1"]
[SourceVersionDate "1997.11.17"]
[SourceQuality "1"]

1. d4 Nf6 2. c4 c5 3. d5 g6 4. Nc3 Bg7 5. e4 0-0 6. Nf3 e5 7. Be2 d6 8. 0-0 Ne8 9. Bg5 f6 10. Bd2 f5 11. Ne1 Nf6 12. f3 f4 13. Nd3 g5 14. a3 h5 15. Nf2 Rf7 16. b4 Na6 17. Rb1 Bf8 18. h3 Rg7 19. b5 Nb8 20. a4 Be7 21. Ra1 Nbd7 22. a5 Nf8 23. Na4 g4 24. fxg4 hxg4 25. Bxg4 Nxg4 26. Nxg4 Bxg4 27. hxg4 Bh4 28. Ra3 Bg3 29. Be1 Qh4 30. Bxg3 fxg3 31. Rff3 Rh7 32. Kf1 Qh1+ 33. Ke2 Qxg2+ 34. Ke3 Rh1 35. Ra2 Qh3 36. Qd2 Ng6 37. Kd3 g2 0-1

[Event "Buenos Aires op"]
[Site "Buenos Aires"]
[Date "1997.??.??"]
[Round "5"]
[White "Schweber, Samuel"]
[Black "Bronstein, Luis Marcos"]
[Result "1/2-1/2"]
[WhiteElo "2345"]
[BlackElo "2395"]
[PlyCount "38"]
[EventDate "1997.11.??"]
[EventType "tourn"]
[EventRounds "9"]
[EventCountry "ARG"]
[SourceTitle "EXT 1998"]
[Source "ChessBase"]
[SourceDate "1997.11.17"]
[SourceVersion "1"]
[SourceVersionDate "1997.11.17"]
[SourceQuality "1"]

1. e4 e6 2. d4 d5 3. Nd2 Nf6 4. e5 Nfd7 5. Bd3 c5 6. c3 Nc6 7. Ne2 cxd4 8. cxd4 f6 9. exf6 Nxf6 10. Nf3 Bd6 11. Bf4 Bxf4 12. Nxf4 0-0 13. 0-0 Ne4 14. Ne2 Rxf3 15. gxf3 Ng5 16. f4 Nh3+ 17. Kh1 Bd7 18. Qd2 Qh4 19. Qe3 Rf8 1/2-1/2

[Event "Villa Ballester op"]
[Site "Villa Ballester"]
[Date "1997.??.??"]
[Round "9"]
[White "Schweber, Samuel"]
[Black "Quinteros, Miguel Angel"]
[Result "0-1"]
[WhiteElo "2345"]
[BlackElo "2510"]
[PlyCount "98"]
[EventDate "1997.??.??"]
[EventType "swiss"]
[EventRounds "9"]
[EventCountry "ARG"]
[SourceTitle "EXT 1998"]
[Source "ChessBase"]
[SourceDate "1997.11.17"]
[SourceVersion "1"]
[SourceVersionDate "1997.11.17"]
[SourceQuality "1"]

1. d4 Nf6 2. Nc3 d5 3. Bg5 Nbd7 4. Nf3 g6 5. Qd3 Bg7 6. 0-0-0 0-0 7. e4 dxe4 8. Nxe4 Nxe4 9. Qxe4 Nf6 10. Bxf6 Bxf6 11. Ne5 c5 12. f4 Bf5 13. Qe3 cxd4 14. Rxd4 Qb6 15. Bc4 Rfc8 16. Re1 Rc7 17. c3 Qc5 18. h3 b5 19. g4 bxc4 20. gxf5 Qa5 21. Kb1 Rb8 22. fxg6 hxg6 23. Rd2 Kg7 24. Ka1 Rh8 25. Rg1 Rh5 26. Qf3 Rf5 27. Qg4 Rxe5 28. fxe5 Qxe5 29. Qf3 Rc5 30. Re2 Qd6 31. Reg2 Ra5 32. Rg4 Qe6 33. Qf1 Re5 34. R4g2 Re3 35. Rg3 Re2 36. R3g2 Re5 37. Rg4 Rc5 38. a3 Qa6 39. Ka2 Qb6 40. Rxc4 Rxc4 41. Rxg6+ Kxg6 42. Qxc4 Qe6 43. Qxe6 fxe6 44. c4 e5 45. c5 e4 46. c6 Be5 47. Kb3 Kf5 48. h4 Kg4 49. Kc4 e3 0-1

[Event "Clarin GP1 Boca Juniors"]
[Site "Boca"]
[Date "1997.??.??"]
[Round "8"]
[White "Schweber, Samuel"]
[Black "Servat, Roberto"]
[Result "0-1"]
[WhiteElo "2345"]
[BlackElo "2440"]
[PlyCount "106"]
[EventDate "1997.04.26"]
[EventType "swiss"]
[EventRounds "9"]
[EventCountry "ARG"]
[SourceTitle "CBM 058 Extra"]
[Source "ChessBase"]
[SourceDate "1997.07.29"]
[SourceVersion "1"]
[SourceVersionDate "1997.07.29"]
[SourceQuality "1"]

1. e4 c5 2. c3 d5 3. exd5 Qxd5 4. d4 Nf6 5. Nf3 cxd4 6. cxd4 g6 7. Nc3 Qd8 8. Bc4 Bg7 9. 0-0 0-0 10. h3 Nbd7 11. Re1 Nb6 12. Bb3 e6 13. Bg5 Bd7 14. Ne5 Bc6 15. Nxc6 bxc6 16. Ne4 Nbd7 17. Qf3 h6 18. Bh4 g5 19. Bg3 Nxe4 20. Rxe4 Nf6 21. Re2 Qxd4 22. Be5 Qd8 23. Qxc6 Rc8 24. Qf3 Qe7 25. Rd1 Rfd8 26. Rxd8+ Rxd8 27. Bc2 Nd5 28. Bxg7 Kxg7 29. Rd2 Rd7 30. a3 Qf6 31. Be4 Qxf3 32. Bxf3 Kf6 33. Bxd5 Rxd5 34. Rxd5 exd5 35. Kf1 Ke5 36. Ke2 Kd4 37. Kd2 f5 38. b3 f4 39. Kc2 h5 40. Kd2 h4 41. f3 a6 42. Kc2 Ke3 43. b4 d4 44. Kd1 Kd3 45. a4 Kc4 46. b5 axb5 47. axb5 Kxb5 48. Kd2 Kc4 49. Kc2 d3+ 50. Kd2 Kd4 51. Kd1 Kc3 52. Kc1 d2+ 53. Kd1 Kd3 0-1

[Event "Villa Ballester op"]
[Site "Villa Ballester"]
[Date "1997.??.??"]
[Round "8"]
[White "Sorokin, Maxim"]
[Black "Schweber, Samuel"]
[Result "1-0"]
[WhiteElo "2560"]
[BlackElo "2345"]
[PlyCount "103"]
[EventDate "1997.??.??"]
[EventType "swiss"]
[EventRounds "9"]
[EventCountry "ARG"]
[SourceTitle "EXT 1998"]
[Source "ChessBase"]
[SourceDate "1997.11.17"]
[SourceVersion "1"]
[SourceVersionDate "1997.11.17"]
[SourceQuality "1"]

1. Nf3 d6 2. d4 Nf6 3. c4 Nbd7 4. Nc3 e5 5. e4 g6 6. g3 Bg7 7. Bg2 0-0 8. 0-0 c6 9. h3 exd4 10. Nxd4 Qb6 11. Re1 Ng4 12. Nce2 Nge5 13. b3 Nc5 14. Be3 a5 15. Rb1 Qc7 16. Qc2 Re8 17. Rbd1 Ne6 18. Nc3 Bf8 19. Nde2 Ng7 20. g4 f5 21. exf5 gxf5 22. g5 Nh5 23. Nf4 Nxf4 24. Bxf4 Qg7 25. Kh1 Bd7 26. Re2 Ng6 27. Bxd6 Bxd6 28. Rxd6 Rxe2 29. Nxe2 Re8 30. Qd1 Bc8 31. Ng3 Qe7 32. Nh5 Qe1+ 33. Qxe1 Rxe1+ 34. Kh2 Kf7 35. Rd8 Ne7 36. Nf4 a4 37. Bf3 axb3 38. axb3 Kg7 39. h4 h6 40. Nd3 Re6 41. Bh5 hxg5 42. hxg5 b5 43. c5 b4 44. Nxb4 Re4 45. Nxc6 Rh4+ 46. Kg3 Rxh5 47. Nxe7 Rxg5+ 48. Kf4 Rg4+ 49. Ke5 Re4+ 50. Kd6 Be6 51. c6 Kf7 52. Nd5 1-0

[Event "Buenos Aires FMDA-chT"]
[Site "Buenos Aires"]
[Date "1996.??.??"]
[Round "2"]
[White "Perez Pietronave, Carlos"]
[Black "Schweber, Samuel"]
[Result "0-1"]
[WhiteElo "2280"]
[BlackElo "2330"]
[PlyCount "124"]
[EventDate "1996.??.??"]
[EventType "team"]
[EventRounds "8"]
[EventCountry "ARG"]
[SourceTitle "EXT 2001"]
[Source "ChessBase"]
[SourceDate "2000.11.22"]
[SourceVersion "1"]
[SourceVersionDate "2000.11.22"]
[SourceQuality "1"]

1. e4 e6 2. d4 d5 3. e5 b6 4. c3 Qd7 5. Bd3 Ba6 6. Bc2 c5 7. Ne2 Nc6 8. a4 cxd4 9. a5 d3 10. Bxd3 Bxd3 11. Qxd3 Nxa5 12. Nd2 Ne7 13. 0-0 g6 14. Rd1 Bg7 15. Ne4 Nb3 16. Bh6 Bxe5 17. Bf4 f5 18. Bxe5 fxe4 19. Qh3 0-0 20. Ra3 Nc6 21. Bf4 Nc5 22. Bh6 Rf5 23. Ng3 Rf7 24. c4 Nd3 25. cxd5 Nxf2 26. Qxe6 Nxd1 27. Qxd7 Rxd7 28. dxc6 Rc7 29. Nxe4 Rxc6 30. Rd3 Re6 31. Rxd1 Rxe4 32. Rd7 Rae8 33. Rg7+ Kh8 34. Rxa7 R4e7 35. Ra6 Rb7 36. h4 Kg8 37. Ra3 Kf7 38. Rf3+ Ke6 39. Kh2 Kd5 40. Kh3 Re4 41. Rf6 Rb4 42. Rf2 Re7 43. Rd2+ Rd4 44. Rf2 Ree4 45. Bg5 Rd3+ 46. Kh2 Rg4 47. Rf7 h6 48. Bd8 Kc6 49. Rf6+ Kd7 50. Bxb6 Rxh4+ 51. Kg1 Rd6 52. Rxd6+ Kxd6 53. Be3 h5 54. Bd2 Kd5 55. Kf2 Ke4 56. Bc3 Rf4+ 57. Kg3 Rf1 58. Kh4 Kf4 59. Bd2+ Kf5 60. Bc3 g5+ 61. Kg3 h4+ 62. Kh2 g4 0-1

[Event "Villa Martelli op"]
[Site "Villa Martelli"]
[Date "1996.??.??"]
[Round "7"]
[White "Schweber, Samuel"]
[Black "Hoffman, Alejandro"]
[Result "1/2-1/2"]
[WhiteElo "2330"]
[BlackElo "2410"]
[PlyCount "69"]
[EventDate "1996.??.??"]
[EventType "swiss"]
[EventRounds "9"]
[EventCountry "ARG"]
[SourceTitle "EXT 1998"]
[Source "ChessBase"]
[SourceDate "1997.11.17"]
[SourceVersion "1"]
[SourceVersionDate "1997.11.17"]
[SourceQuality "1"]

1. e4 c5 2. Nf3 g6 3. c3 Bg7 4. d4 Qc7 5. h3 d6 6. Be3 Nd7 7. Bd3 Ngf6 8. 0-0 0-0 9. Re1 e6 10. Qd2 Re8 11. Bh6 e5 12. dxe5 Nxe5 13. Nxe5 Bxh6 14. Qxh6 dxe5 15. Nd2 Be6 16. Bc4 Bxc4 17. Nxc4 Qc6 18. Nd2 Nh5 19. Nf3 f6 20. Rad1 Rad8 21. g3 Qe6 22. Nh4 Ng7 23. Qe3 b6 24. Qf3 Kf7 25. Kg2 Rxd1 26. Rxd1 Qxa2 27. Qe2 Qe6 28. Rd5 Re7 29. Nf3 h6 30. Qd2 a5 31. Qd1 Qc6 32. Kh2 c4 33. Ne1 b5 34. Nc2 h5 35. Ne3 1/2-1/2

[Event "Villa Martelli op"]
[Site "Villa Martelli"]
[Date "1996.??.??"]
[Round "5"]
[White "Tempone, Marcelo"]
[Black "Schweber, Samuel"]
[Result "1/2-1/2"]
[WhiteElo "2460"]
[BlackElo "2330"]
[PlyCount "59"]
[EventDate "1996.??.??"]
[EventType "swiss"]
[EventRounds "9"]
[EventCountry "ARG"]
[SourceTitle "EXT 1998"]
[Source "ChessBase"]
[SourceDate "1997.11.17"]
[SourceVersion "1"]
[SourceVersionDate "1997.11.17"]
[SourceQuality "1"]

1. d4 Nf6 2. c4 g6 3. Nc3 Bg7 4. e4 d6 5. f3 0-0 6. Bg5 c5 7. d5 e6 8. Qd2 exd5 9. cxd5 a6 10. a4 Re8 11. Nge2 Nbd7 12. Ng3 Ne5 13. Be2 c4 14. 0-0 Bd7 15. Kh1 b5 16. axb5 Bxb5 17. f4 Ned7 18. Bd1 h6 19. Bh4 Qb6 20. Bc2 Nc5 21. h3 Nb3 22. Bxb3 cxb3 23. e5 dxe5 24. Nxb5 axb5 25. Rxa8 Rxa8 26. fxe5 Nh7 27. Qf4 Qb7 28. Bf6 Qxd5 29. Qg4 Qc4 30. Qf3 1/2-1/2

[Event "Buenos Aires op"]
[Site "Buenos Aires"]
[Date "1995.??.??"]
[Round "6"]
[White "Beltramini, Jose Maria"]
[Black "Schweber, Samuel"]
[Result "1/2-1/2"]
[WhiteElo "2250"]
[BlackElo "2345"]
[PlyCount "44"]
[EventDate "1995.??.??"]
[EventType "swiss"]
[EventRounds "9"]
[EventCountry "ARG"]
[SourceTitle "EXT 1997"]
[Source "ChessBase"]
[SourceDate "1996.11.15"]
[SourceVersion "1"]
[SourceVersionDate "1996.11.15"]
[SourceQuality "1"]

1. d4 d5 2. Nf3 Nf6 3. g3 e6 4. Bg2 b5 5. 0-0 c5 6. b3 Ba6 7. c4 bxc4 8. bxc4 Bxc4 9. Ne5 Bb5 10. Nc3 a6 11. a4 cxd4 12. Nxd5 Nxd5 13. axb5 Bc5 14. Nd3 Be7 15. Nf4 Nc3 16. Qd3 Ra7 17. bxa6 e5 18. Nh3 0-0 19. e3 Qc8 20. exd4 exd4 21. Nf4 Rxa6 22. Rxa6 Qxa6 1/2-1/2